[Event "Olympiad-45"]
[Site "Budapest"]
[Date "2024.09.21"]
[Round "10.4"]
[White "Zerafa, Patrick"]
[Black "Al Mashikhi, Mohammed Alyan"]
[Result "1-0"]
[WhiteElo "1986"]
[BlackElo "1959"]
[PlyCount "75"]
[EventDate "2024.09.11"]
[EventType "team-swiss"]
[EventRounds "11"]
[EventCountry "HUN"]
[SourceTitle "EXT 2025"]
[Source "ChessBase"]
[SourceDate "2024.10.14"]
[SourceVersion "1"]
[SourceVersionDate "2024.10.14"]
[SourceQuality "1"]
[WhiteTeam "Malta"]
[BlackTeam "Oman"]
[WhiteTeamCountry "MLT"]
[BlackTeamCountry "OMN"]

1. Nf3 Nf6 2. e3 d5 3. c4 c6 4. b3 Bg4 5. Bb2 e6 6. Nc3 Bd6 7. h3 Bh5 8. g4 Bg6 9. Nh4 Nbd7 10. Nxg6 hxg6 11. Bg2 dxc4 12. bxc4 Ne5 13. d3 Bb4 14. Ke2 Qc7 15. Qb3 Be7 16. a4 g5 17. a5 Ng6 18. a6 b6 19. Nb5 Qd7 20. Nd4 Rc8 21. Qa4 b5 22. cxb5 cxb5 23. Nxb5 0-0 24. Rhc1 Rfd8 25. Nd4 Qd6 26. Rxc8 Rxc8 27. Ba3 Qh2 28. Bb7 Nd5 29. Bxd5 exd5 30. Bxe7 Nxe7 31. Qd7 Rb8 32. Rc1 Qxh3 33. Qxe7 Rb2+ 34. Nc2 Qxg4+ 35. Kd2 Qf3 36. Qxa7 Qxf2+ 37. Kc3 d4+ 38. Kxb2 1-0

[Event "Lazy Baltic Pearl op 13th"]
[Site "Lazy"]
[Date "2017.07.04"]
[Round "9"]
[White "Zerafa, Patrick"]
[Black "Kostecka, Marika"]
[Result "1-0"]
[WhiteElo "2046"]
[BlackElo "1809"]
[PlyCount "72"]
[EventDate "2017.06.25"]
[EventType "swiss"]
[EventRounds "9"]
[EventCountry "POL"]
[SourceTitle "EXT 2018"]
[Source "ChessBase"]
[SourceDate "2017.10.13"]
[SourceVersion "1"]
[SourceVersionDate "2017.10.13"]
[SourceQuality "1"]

1. d4 Nf6 2. c4 c5 3. d5 b5 4. cxb5 a6 5. bxa6 Bxa6 6. Nc3 d6 7. g3 g6 8. Bg2 Bg7 9. Nf3 Nbd7 10. 0-0 Nb6 11. Nd2 Nfd7 12. Nde4 0-0 13. Qc2 Bc4 14. Rd1 Qb8 15. Nd2 Qb7 16. e4 Qa6 17. Nxc4 Qxc4 18. Bf1 Qb4 19. a3 Qa5 20. Bd2 Ne5 21. Kg2 Nec4 22. Rac1 Rfb8 23. Be1 Ne5 24. Nb5 Qa4 25. b3 Qa6 26. Nxd6 c4 27. Bxc4 Nbxc4 28. Nxc4 Nxc4 29. bxc4 Rb2 30. Qd3 Rab8 31. Bb4 R8xb4 32. axb4 Qa2 33. Qf1 Bh6 34. Ra1 Qb3 35. Rab1 Qxb4 36. Rxb2 Qxb2 1-0

[Event "Etna op 2nd"]
[Site "Nicolosi"]
[Date "2015.12.06"]
[Round "4"]
[White "Baiocchi, Emanuele"]
[Black "Zerafa, Patrick"]
[Result "1-0"]
[WhiteElo "2101"]
[BlackElo "2072"]
[PlyCount "55"]
[EventDate "2015.12.04"]
[EventType "swiss"]
[EventRounds "7"]
[EventCountry "ITA"]
[SourceTitle "CBM 170 Extra"]
[Source "ChessBase"]
[SourceDate "2016.02.25"]
[SourceVersion "1"]
[SourceVersionDate "2016.02.25"]
[SourceQuality "1"]

1. e4 e5 2. Nf3 Nc6 3. Bc4 Bc5 4. c3 Nf6 5. d4 exd4 6. e5 d5 7. Bb5 Ne4 8. cxd4 Bb4+ 9. Bd2 Nxd2 10. Nbxd2 Be7 11. 0-0 0-0 12. Bxc6 bxc6 13. Rc1 Rb8 14. Nb3 Bd7 15. Ne1 Rb6 16. Nd3 Qa8 17. Ndc5 Bc8 18. f4 f5 19. Rf3 a5 20. a4 Rb4 21. Qd2 Bxc5 22. Nxc5 Ba6 23. b3 Rfb8 24. Rg3 g6 25. Qe3 Re8 26. e6 Bc8 27. Qe5 Re7 28. Qf6 1-0

[Event "Etna op 2nd"]
[Site "Nicolosi"]
[Date "2015.12.05"]
[Round "2"]
[White "Ljubisavljevic, Zivojin Z"]
[Black "Zerafa, Patrick"]
[Result "0-1"]
[WhiteElo "2183"]
[BlackElo "2072"]
[PlyCount "106"]
[EventDate "2015.12.04"]
[EventType "swiss"]
[EventRounds "7"]
[EventCountry "ITA"]
[SourceTitle "CBM 170 Extra"]
[Source "ChessBase"]
[SourceDate "2016.02.25"]
[SourceVersion "1"]
[SourceVersionDate "2016.02.25"]
[SourceQuality "1"]

1. d4 Nf6 2. Bg5 c5 3. Bxf6 gxf6 4. d5 d6 5. e3 Nd7 6. a4 a6 7. Ne2 Qb6 8. b3 h5 9. h4 Ne5 10. a5 Qc7 11. Nf4 Ng4 12. Be2 f5 13. c3 b5 14. axb6 Qxb6 15. Qc2 Bg7 16. Nd2 e5 17. dxe6 fxe6 18. Nc4 Qc7 19. Nd2 d5 20. Nf3 Qd6 21. Bb5+ Kf7 22. Ng5+ Kf6 23. Be2 e5 24. Nd3 Bh6 25. Ra5 c4 26. bxc4 dxc4 27. Nb2 Qc6 28. Nxc4 Bxg5 29. hxg5+ Kxg5 30. f3 Nf6 31. Nxe5 Qc7 32. Qa4 Kh6 33. Qf4+ Kh7 34. Qg5 Qg7 35. Qxg7+ Kxg7 36. Kf2 Re8 37. Rh3 f4 38. Rh4 fxe3+ 39. Kxe3 Ra7 40. Rd4 Nd7 41. f4 Nxe5 42. fxe5 Rae7 43. Rdd5 Bb7 44. Rdc5 Bxg2 45. Bxh5 Rh8 46. Bg4 Bb7 47. e6 Rh6 48. Rg5+ Rg6 49. Kf4 Rc7 50. Rac5 Rc6 51. Rxg6+ Kxg6 52. Rxc6 Bxc6 53. Ke5 Be8 0-1

[Event "Olympiad-41"]
[Site "Tromsoe"]
[Date "2014.08.14"]
[Round "11.4"]
[White "Zerafa, Patrick"]
[Black "Handjaba, McLean Macsko"]
[Result "1/2-1/2"]
[WhiteElo "2079"]
[BlackElo "2139"]
[PlyCount "155"]
[EventDate "2014.08.02"]
[EventType "team-swiss"]
[EventRounds "11"]
[EventCountry "NOR"]
[SourceTitle "CBM 162"]
[Source "ChessBase"]
[SourceDate "2014.09.17"]
[SourceVersion "1"]
[SourceVersionDate "2014.09.17"]
[SourceQuality "1"]
[WhiteTeam "Malta"]
[BlackTeam "Namibia"]
[WhiteTeamCountry "MLT"]
[BlackTeamCountry "NAM"]

1. Nf3 c5 2. c4 Nf6 3. g3 b6 4. Bg2 Bb7 5. Nc3 e6 6. 0-0 d5 7. cxd5 Nxd5 8. d3 Be7 9. Bd2 0-0 10. Rc1 Nc6 11. Ne4 h6 12. a3 Rc8 13. Qb3 Qd7 14. Rfd1 Nd4 15. Nxd4 cxd4 16. Be1 Bc6 17. Rc4 f5 18. Nd2 Bc5 19. a4 Rfe8 20. Rdc1 Kh8 21. Nf3 e5 22. h4 Nf6 23. Nd2 e4 24. Qd1 Bd5 25. R4c2 Qxa4 26. Ra1 Qd7 27. Nc4 a5 28. b4 axb4 29. Rb1 exd3 30. exd3 Bxg2 31. Kxg2 Nd5 32. Qf3 Re7 33. Bd2 Rce8 34. Bf4 Nxf4+ 35. Qxf4 Qd5+ 36. Qf3 Qxf3+ 37. Kxf3 Re1 38. Rb3 Kg8 39. Ra2 Rc1 40. Nxb6 Bxb6 41. Rxb4 Bc5 42. Rb5 Rc3 43. Raa5 Rxd3+ 44. Kf4 Bd6+ 45. Kxf5 Rf3+ 46. Kg4 Rxf2 47. Rd5 Bb4 48. Ra7 Ref8 49. Rb7 Bc3 50. Rbd7 g6 51. h5 g5 52. Rc7 R2f6 53. Re7 R8f7 54. Re8+ Kg7 55. Rc8 Re6 56. Rdd8 Re4+ 57. Kh3 g4+ 58. Kh4 Bb4 59. Rg8+ Kf6 60. Rg6+ Ke5 61. Rc5+ Bxc5 62. Re6+ Kd5 63. Rd6+ Kc4 64. Rxd4+ Kc3 65. Rxe4 Be7+ 66. Kxg4 Kd3 67. Re6 Bg5 68. Re8 Rg7 69. Kf3 Kd4 70. Re6 Kd5 71. Rg6 Rxg6 72. hxg6 Ke6 73. g7 Kf7 74. g8Q+ Kxg8 75. g4 Kf7 76. Ke4 Kf6 77. Kf3 Ke5 78. Kg2 1/2-1/2

[Event "Olympiad-41"]
[Site "Tromsoe"]
[Date "2014.08.06"]
[Round "5.3"]
[White "Chavez, Ricardo Ernesto"]
[Black "Zerafa, Patrick"]
[Result "1-0"]
[WhiteElo "2165"]
[BlackElo "2079"]
[PlyCount "107"]
[EventDate "2014.08.02"]
[EventType "team-swiss"]
[EventRounds "11"]
[EventCountry "NOR"]
[SourceTitle "CBM 162"]
[Source "ChessBase"]
[SourceDate "2014.09.17"]
[SourceVersion "1"]
[SourceVersionDate "2014.09.17"]
[SourceQuality "1"]
[WhiteTeam "El Salvador"]
[BlackTeam "Malta"]
[WhiteTeamCountry "ESA"]
[BlackTeamCountry "MLT"]

1. e4 e5 2. Nf3 Nc6 3. Bb5 a6 4. Ba4 Nf6 5. d4 exd4 6. 0-0 Be7 7. Re1 0-0 8. e5 Nd5 9. Bb3 Nb6 10. Nxd4 Nxd4 11. Qxd4 d5 12. exd6 Qxd6 13. Qe3 Bf6 14. Nc3 Bf5 15. Ne4 Bxe4 16. Qxe4 c6 17. Bf4 Qd4 18. Qxd4 Bxd4 19. c3 Bf6 20. Rad1 Rfe8 21. Be3 Nd5 22. Bxd5 cxd5 23. Rxd5 Rad8 24. Red1 Rxd5 25. Rxd5 Rd8 26. Rxd8+ Bxd8 27. Kf1 Kf8 28. Ke2 Ke7 29. Kd3 Kd6 30. c4 f5 31. Bd4 g6 32. Bg7 Bb6 33. f3 Bg1 34. h3 h5 35. f4 Kc6 36. Bd4 Bh2 37. Be3 Bg3 38. Kd4 Kd6 39. c5+ Ke6 40. b4 Bh4 41. a4 Bd8 42. Kc4 Bc7 43. h4 Bd8 44. g3 Bc7 45. Bd4 Bd8 46. Be5 Be7 47. b5 axb5+ 48. axb5 Bd8 49. Bb8 Ba5 50. c6 bxc6 51. bxc6 Be1 52. Kb5 Bxg3 53. Ka6 Bxh4 54. c7 1-0

[Event "EU Small Countries ol 3rd"]
[Site "Monte Carlo"]
[Date "2013.11.26"]
[Round "2"]
[White "Garcia Paolicchi, Raul"]
[Black "Zerafa, Patrick"]
[Result "0-1"]
[WhiteElo "2215"]
[BlackElo "2052"]
[PlyCount "144"]
[EventDate "2013.11.25"]
[EventType "team-tourn"]
[EventRounds "9"]
[EventCountry "MNC"]
[SourceTitle "CBM 157 Extra"]
[Source "ChessBase"]
[SourceDate "2013.12.19"]
[SourceVersion "1"]
[SourceVersionDate "2013.12.19"]
[SourceQuality "1"]
[WhiteTeam "Andorra"]
[BlackTeam "Malta"]
[WhiteTeamCountry "AND"]
[BlackTeamCountry "MLT"]

1. d4 Nf6 2. c4 g6 3. Nc3 Bg7 4. Bg5 d6 5. Nf3 Na6 6. e3 c5 7. Be2 0-0 8. 0-0 Bd7 9. Rc1 b6 10. h3 Nc7 11. Qc2 Ne6 12. Bh4 Rc8 13. d5 Nc7 14. e4 Nh5 15. Qd2 Ne8 16. Ne1 Bf6 17. Bxf6 Nexf6 18. Nd3 Ng7 19. Rce1 a6 20. Nc1 Qc7 21. Bd3 b5 22. cxb5 c4 23. b6 Qxb6 24. Bb1 Rb8 25. Nd1 Bb5 26. Qc3 Nd7 27. Re3 e5 28. dxe6 fxe6 29. Rfe1 e5 30. b3 Rfc8 31. Nb2 cxb3 32. Qxb3+ Kh8 33. Qd1 Ne6 34. Nb3 Ndc5 35. Nxc5 Qxc5 36. Bd3 Nd4 37. Qd2 Kg7 38. Bxb5 Qxb5 39. Nd1 Rc2 40. Qd3 Qxd3 41. Rxd3 Rxa2 42. Ne3 Rbb2 43. Rf1 Ra4 44. Kh2 Nb5 45. f3 a5 46. f4 Rd4 47. Rxd4 exd4 48. Nc4 Re2 49. Rb1 Nc3 50. Rb7+ Kf8 51. e5 d5 52. Nxa5 d3 53. Nb3 d2 54. Nxd2 Rxd2 55. Kg3 h5 56. Rb6 Kf7 57. Kf3 Rd3+ 58. Kf2 Ne4+ 59. Kf1 Rd1+ 60. Ke2 Rd2+ 61. Ke3 Rxg2 62. Kd4 Rd2+ 63. Ke3 Rd1 64. Rc6 Ng3 65. Rc7+ Kf8 66. Rc6 Nf5+ 67. Kf2 Ne7 68. Rd6 Rd3 69. Kg2 h4 70. Rf6+ Kg7 71. Rd6 Rg3+ 72. Kh2 Rf3 0-1

[Event "EU Small Countries ol 3rd"]
[Site "Monte Carlo"]
[Date "2013.11.25"]
[Round "1"]
[White "Zerafa, Patrick"]
[Black "Maccapani, Massimiliano"]
[Result "1/2-1/2"]
[WhiteElo "2052"]
[BlackElo "2066"]
[PlyCount "74"]
[EventDate "2013.11.25"]
[EventType "team-tourn"]
[EventRounds "9"]
[EventCountry "MNC"]
[SourceTitle "CBM 157 Extra"]
[Source "ChessBase"]
[SourceDate "2013.12.19"]
[SourceVersion "1"]
[SourceVersionDate "2013.12.19"]
[SourceQuality "1"]
[WhiteTeam "Malta"]
[BlackTeam "San Marino"]
[WhiteTeamCountry "MLT"]
[BlackTeamCountry "SMR"]

1. d4 d5 2. c4 c6 3. Nf3 Nf6 4. e3 e6 5. Nc3 Nbd7 6. cxd5 exd5 7. Bd3 Be7 8. a3 a5 9. Rb1 0-0 10. b4 axb4 11. axb4 Re8 12. 0-0 Bf8 13. Qc2 h6 14. Bd2 Qe7 15. Rfc1 Ne4 16. Be1 b5 17. Nd1 Bb7 18. Nb2 g5 19. Bf1 Bg7 20. Nd3 g4 21. Nd2 Nxd2 22. Bxd2 f5 23. Nf4 Qf7 24. Bd3 Rf8 25. Ra1 Rab8 26. Ra7 Nb6 27. Rca1 Nc4 28. Bc3 h5 29. g3 Bh6 30. Ng2 Bg5 31. Rf1 Qe6 32. Nf4 Bxf4 33. exf4 Nd6 34. Re1 Ne4 35. Re3 Qh6 36. Be1 Rf7 37. Qa2 Qf6 1/2-1/2

[Event "Olympiad-38"]
[Site "Dresden"]
[Date "2008.11.22"]
[Round "9"]
[White "Mensing, Fabio"]
[Black "Zerafa, Patrick"]
[Result "1-0"]
[WhiteElo "2119"]
[BlackElo "2065"]
[PlyCount "75"]
[EventDate "2008.11.13"]
[EventType "team-swiss"]
[EventRounds "11"]
[EventCountry "GER"]
[SourceTitle "CBM 128"]
[Source "ChessBase"]
[SourceDate "2009.01.28"]
[SourceVersion "1"]
[SourceVersionDate "2009.01.28"]
[SourceQuality "1"]
[WhiteTeam "Netherlands Antilles"]
[BlackTeam "Malta"]
[WhiteTeamCountry "AHO"]
[BlackTeamCountry "MLT"]

1. e4 c5 2. Nf3 d6 3. d4 cxd4 4. Nxd4 Nf6 5. Nc3 g6 6. Be2 Bg7 7. 0-0 0-0 8. Be3 Nc6 9. Nb3 Bd7 10. f4 a6 11. a4 Na5 12. e5 Ne8 13. Nd5 Nxb3 14. Bb6 Qb8 15. Nxe7+ Kh8 16. cxb3 Be6 17. Rc1 dxe5 18. f5 gxf5 19. Nxf5 Bf6 20. Bc5 Rg8 21. Ne7 Rg5 22. Nd5 Bg7 23. Nb6 Qd8 24. Nxa8 Qxa8 25. Be3 Rg6 26. Bh5 Nf6 27. Bxg6 hxg6 28. Rxf6 Bxf6 29. Qf3 Bg7 30. Rc7 Qd8 31. Rc1 Qd7 32. Rd1 Qe7 33. Qg3 Bf6 34. Qf2 Bxb3 35. Bc5 Bh4 36. Qe3 Qxc5 37. Qxc5 Bxd1 38. Qxe5+ 1-0

[Event "Mediterranean-ch 5th"]
[Site "Sousse"]
[Date "2007.??.??"]
[Round "2"]
[White "Haddouche, Mohamed Amine"]
[Black "Zerafa, Patrick"]
[Result "1-0"]
[WhiteElo "2296"]
[BlackElo "1953"]
[PlyCount "51"]
[EventDate "2007.11.27"]
[EventType "swiss"]
[EventRounds "9"]
[EventCountry "TUN"]
[SourceTitle "CBM 121 Extra"]
[Source "ChessBase"]
[SourceDate "2008.01.10"]
[SourceVersion "1"]
[SourceVersionDate "2008.01.10"]
[SourceQuality "1"]

1. e4 c5 2. Nf3 d6 3. d4 cxd4 4. Nxd4 Nf6 5. Nc3 g6 6. Be2 Bg7 7. 0-0 0-0 8. Be3 Nc6 9. Nb3 Bd7 10. f4 Rc8 11. Kh1 Na5 12. e5 Ne8 13. Nxa5 Qxa5 14. Nd5 Qd8 15. Bxa7 Bf5 16. Bb6 Qd7 17. Ne3 Be4 18. a4 Qc6 19. Bd4 dxe5 20. fxe5 Rd8 21. Bb5 Qc8 22. c3 Bxe5 23. Bxe8 Qh3 24. Bxe5 Rxd1 25. Raxd1 Qxe3 26. Bxf7+ 1-0